00829cam a22002531 4500001001300000003000400013005001700017008004100034010001700075025001900092040001800111043001200129050001600141100003500157245005800192260004900250300003700299350001800336500010600354650003600460710003100496740003100527999001700558sa 68003663 DLC20260227112455.0710903m19649999ii a 000 0 eng  asa 68003663  aPL480:I-E-9533 aDLCcDLCdDLC aa-ii---00aQK358b.R871 aRoxburgh, William,d1751-1815.10aIcones Roxburghianae;bor, Drawings of Indian plants. aCalcutta,bBotanical Survey of India,c1964- av. (chiefly col. illus.)c37 cm. aRs8.75a$3.15 a"Part of a ... collection of water-colour drawings preserved in the Indian Botanic Garden, Calcutta." 0aPlantszIndiavPictorial works.2 aBotanical Survey of India.0 aDrawings of Indian plants. c79660d79660